Top 3 Largest Cities by Letter According to Demographia - Statistics

General Stats
  • This quiz has been taken 123 times
    52 since last reset
  • The average score is 39 of 78
Answer Stats
Letter City % Correct
D Delhi
93%
L Los Angeles
93%
N New York
93%
T Tokyo-Yokohama
93%
I Istanbul
91%
P Paris
91%
S Sao Paulo
88%
M Mexico City
86%
M Mumbai
86%
S Shanghai
86%
J Jakarta
84%
L Lagos
81%
O Osaka-Kobe-Kyoto
81%
B Beijing
79%
C Cairo
79%
R Rio de Janeiro
79%
B Bangkok
77%
B Buenos Aires
77%
D Dhaka
72%
K Kinshasa
72%
S Seoul-Incheon
72%
T Tehran
72%
X Xi'an
72%
K Kolkata
70%
W Wuhan
70%
H Ho Chi Minh City
65%
M Manila
65%
Q Quito
65%
R Riyadh
65%
J Johannesburg-Pretoria
63%
A Addis Ababa
60%
G Guangzhou-Foshan
60%
W Washington-Baltimore
60%
C Chengdu
58%
K Karachi
56%
R Rawalpindi-Islamabad
56%
P Philadelphia
49%
T Tianjin
49%
A Ahmedabad
47%
C Chongqing
47%
G Guadalajara
47%
L Lahore
47%
N Nagoya
47%
V Vancouver
47%
Q Qingdao
44%
U Urumqi
44%
X Xiamen
44%
F Fortaleza
42%
H Hyderabad
42%
U Ulaanbaatar
42%
H Hangzhou
40%
O Ouagadougou
40%
P Pune
37%
Y Yaounde
37%
E Edmonton
35%
Y Yangon
35%
F Fuzhou
33%
Z Zhengzhou
30%
J Jeddah
28%
N Nanjing
28%
A Amman
26%
I Ibadan
26%
E Essen-Dusseldorf
21%
F Faisalabad
21%
G Guiyang
16%
V Varanasi
16%
Q Quanzhou
12%
D Dongguan
9%
I Indore
9%
O Onitsha
9%
V Vadodara
9%
X Xining
9%
E Enugu
7%
W Wuxi
7%
U Uyo
5%
Y Yinchuan
5%
Z Zhongshan
2%
Z Zhangjiagang
0%
No matching quizzes found
Score Distribution
Percent of People with Each Score
Percentile by Number Answered
Your Score History
You have not taken this quiz since the last reset